| 000 | 00539nam a2200217Ia 4500 | ||
|---|---|---|---|
| 001 | 15112 | ||
| 003 | GE_BSU | ||
| 008 | 181216s||||||||xx |||||||||||||| ||und|| | ||
| 040 | _cGE_BSU | ||
| 080 | _a517.52(075.8) | ||
| 100 | _aВоробьев,Н.Н | ||
| 245 | _aТеория рядов | ||
| 245 | _bУчеб.пособ. для студ.вузов | ||
| 250 | _aизд. 3-е | ||
| 260 | _aМосква | ||
| 260 | _bНаука | ||
| 260 | _c1978 | ||
| 300 | _a207стр,20см | ||
| 653 | _aТеория рядов | ||
| 942 | _cBK | ||
| 999 |
_c48228 _d48228 |
||